| 000 | 01663aam a2200313 i 4500 | ||
|---|---|---|---|
| 001 | 768714001 | ||
| 003 | CO-MdFUSB | ||
| 005 | 20240308162559.0 | ||
| 007 | ta | ||
| 008 | 240304t1999 sp ||||| |||| 00| 0 spa d | ||
| 020 | _a84-8267-145-6 | ||
| 040 | _cCO-MdFUSB | ||
| 041 | 0 | _aspa | |
| 082 | 0 | 4 |
_a265.8 _223 _bM5784p |
| 100 | 1 |
_aMesías E., Miguel A. _eautor |
|
| 245 | 1 | 0 |
_aPerspectiva bíblica del sufrimiento _c/ Miguel A. Mesías |
| 264 | 1 |
_bClie, _aTerrassa, Barcelona, España : _c[1999] |
|
| 264 | 4 | _c©1999 | |
| 300 |
_a218 páginas _c; 24 cm |
||
| 336 |
_atexto _btxt _2rdacontent |
||
| 337 |
_2rdamedia _asin mediación _bn |
||
| 338 |
_2rdacarrier _avolumen _bnc |
||
| 490 | _aColección Pensamiento Cristiano | ||
| 505 |
_tSección I: Consideraciones preliminares:
_aAlcance y limitaciones. -- La realidad del sufrimiento. _tSección II: Cómo enfrentaron los personajes bíblicos el sufrimiento: _aSus experiencias de sufrimiento (primera parte). -- Sus experiencias de sufrimiento (segunda parte). -- Sus experiencias de sufrimiento (tercera parte). -- Sus experiencias de sufrimiento (cuarta parte). -- Su comportamiento en el sufrimiento. -- Sus intentos por comprender el sufrimiento desde la perspectiva de lo que la causa. -- Sus intentos por comprender el sufrimiento desde la perspectiva de qué propósito puede tener. -- Sus intentos por correlacionar el sufrimiento y su comprensión de Dios. _tSección III: Aplicación práctica de una perspectiva bíblica del sufrimiento: _aEl fin del sufrimiento. -- Algunas lecciones permanentes. |
||
| 563 | _aPasta dura | ||
| 650 | 7 |
_aSufrimiento _9281 |
|
| 942 | _cBK | ||
| 945 | _aJTF-925 | ||
| 999 |
_c37399 _d37399 |
||